000
00232nam a2200097Ia 4500
001
709729
005
20250826162552.0
008
250824s9999 xx 000 0 und d
245
0
_a
ENERJİ
_c
ERİC ÜBELACKER
260
_b
TUDEM YAYINLARI
999
_c
709729
_d
709729